|
|
|
|
| LEADER |
01260nam a2200361 a 4500 |
| 001 |
000488162 |
| 003 |
CZ BrMZK |
| 005 |
20051027160907.0 |
| 007 |
ta |
| 008 |
000115s2000 xr e p cze d |
| 015 |
|
|
|a cnb000970377
|
| 020 |
|
|
|a 80-7082-654-1
|
| 035 |
|
|
|a (OCoLC)45372229
|
| 040 |
|
|
|a BOA001
|b cze
|
| 043 |
|
|
|a e-xr---
|
| 072 |
|
7 |
|a 35
|x Veřejná správa
|2 Konspekt
|9 15
|
| 072 |
|
7 |
|a 37.016
|x Učební osnovy. Vyučovací předměty. Učebnice
|2 Konspekt
|9 22
|
| 080 |
|
|
|a 35
|2 MRF
|
| 080 |
|
|
|a (437.3)
|2 MRF
|
| 080 |
|
|
|a (075.8)
|2 MRF
|
| 100 |
1 |
|
|a Pavlák, Miroslav,
|d 1964-
|7 jn20001005579
|4 aut
|
| 245 |
1 |
0 |
|a Nauka o veřejné správě /
|c M. Pavlák, J. Veselý
|
| 250 |
|
|
|a 1. vyd.
|
| 260 |
|
|
|a Plzeň :
|b Západočeská univerzita,
|c 2000
|
| 300 |
|
|
|a 61 s. :
|b schémata ;
|c 20 cm
|
| 500 |
|
|
|a Určeno pro stud. distanč. stud
|
| 650 |
0 |
7 |
|a veřejná správa
|7 ph127076
|z Česko
|2 czenas
|
| 655 |
|
7 |
|a učebnice vysokých škol
|7 fd133772
|2 czenas
|
| 700 |
1 |
|
|a Veselý, Jaroslav
|7 jn20001005580
|4 aut
|
| 710 |
2 |
|
|a Západočeská univerzita.
|b Ekonomická fakulta
|7 kn20010709434
|
| 910 |
|
|
|a BOA001
|b 2-1075.152
|
| 990 |
|
|
|a BK
|
| 996 |
6 |
|
|b 2610118639
|c 2-1075.152
|l MZK
|r Sklad / do 1 hodiny
|n 2
|p p.v.
|w 000488162
|u 000010
|a 1
|e BOA001
|j MZK50
|s P
|